Someone New by Hozier - Lyrics Quiz - Statistics

General Stats
  • This quiz has been taken 204 times
  • The average score is 158 of 198
Answer Stats
Answer % Correct
i
100%
every
99%
fall
99%
in
99%
love
99%
so
99%
some
99%
someone
99%
with
99%
a
98%
new
98%
little
96%
the
95%
bit
94%
everyday
93%
just
93%
you
86%
be
85%
oh
85%
who
85%
an
84%
do
83%
to
82%
was
82%
way
82%
way?
82%
no
80%
strange
80%
there
80%
is
79%
this
78%
don't
77%
if
77%
right
77%
stranger
77%
that
77%
knew
76%
take
76%
wrong
76%
or
75%
ran
74%
step
74%
honey
73%
and
72%
black
72%
blue
72%
easier
72%
would
72%
days
70%
of
70%
any
69%
things
69%
only
68%
there's
63%
art
62%
better
60%
life's
57%
will
57%
choose
56%
like
56%
know
55%
guess
54%
for
53%
God
53%
how
53%
morning
53%
imagine
52%
my
52%
perfections
52%
distractions
51%
at
50%
burning
50%
dark
50%
else
50%
through
50%
caress
47%
first
47%
heart's
47%
pur
47%
sweet
47%
thrill
47%
already
46%
escape
45%
sinned
45%
somehow
45%
electing
44%
him
44%
scraping
43%
wake
42%
'cause
41%
pray
40%
cringe
38%
Aretha
31%
weight
29%
No matching quizzes found
Score Distribution
Percent of People with Each Score
Percentile by Number Answered
Your Score History
You have not taken this quiz